LEADER 02461oam 2200577zu 450 001 9910830593303321 005 20230617021538.0 010 $a1-280-56074-6 010 $a9786610560745 010 $a3-527-61622-5 010 $a3-527-60202-X 035 $a(CKB)1000000000019346 035 $a(SSID)ssj0000303514 035 $a(PQKBManifestationID)11229477 035 $a(PQKBTitleCode)TC0000303514 035 $a(PQKBWorkID)10276700 035 $a(PQKB)10470458 035 $a(MiAaPQ)EBC4957189 035 $a(Au-PeEL)EBL4957189 035 $a(CaONFJC)MIL56074 035 $a(OCoLC)85820036 035 $a(EXLCZ)991000000000019346 100 $a20160829d2003 uy 101 0 $aeng 135 $aurcnu|||||||| 181 $ctxt 182 $cc 183 $acr 200 00$aMolecular imprinting : from fundamentals to applications 210 31$a[Place of publication not identified]$cWiley VCH$d2003 215 $a1 online resource (152 pages) 300 $aBibliographic Level Mode of Issuance: Monograph 311 $a3-527-30569-6 330 $aMolecular imprinting, the polymerization of monomers in the presence of a template molecule which imprints structural information into the resulting polymers, is a scientific field which is rapidly gaining significance for a widening range of applications in biotechnology, biochemistry and pharmaceutical research. The methods and tools needed to distinguish target molecules from others by means of tailor-made receptors are constantly growing in importance and complexity. This book gives a concise and highly up-to-date overview of the remarkable progress made in this field in the last five years. The material is comprehensively presented by the authors, giving a thorough insight into fundamentals and applications for researchers in both industry and academy. 606 $aMolecular imprinting 606 $aImprinted polymers 606 $aOrganic Chemistry$2HILCC 606 $aChemistry$2HILCC 606 $aPhysical Sciences & Mathematics$2HILCC 615 0$aMolecular imprinting 615 0$aImprinted polymers 615 7$aOrganic Chemistry 615 7$aChemistry 615 7$aPhysical Sciences & Mathematics 676 $a668.9/2 702 $aKomiyama$b Makoto 801 0$bPQKB 906 $aBOOK 912 $a9910830593303321 996 $aMolecular imprinting : from fundamentals to applications$94028167 997 $aUNINA LEADER 03702nam 22006855 450 001 9910634035403321 005 20251009102850.0 010 $a9789811935862$b(electronic bk.) 010 $z9789811935855 024 7 $a10.1007/978-981-19-3586-2 035 $a(PPN)276157206 035 $a(MiAaPQ)EBC7156580 035 $a(Au-PeEL)EBL7156580 035 $a(CKB)25657540300041 035 $a(DE-He213)978-981-19-3586-2 035 $a(OCoLC)1363108542 035 $a(EXLCZ)9925657540300041 100 $a20221211d2022 u| 0 101 0 $aeng 135 $aurcnu|||||||| 181 $ctxt$2rdacontent 182 $cc$2rdamedia 183 $acr$2rdacarrier 200 10$aBlue Book on AI and Rule of Law in the World (2020) /$fedited by Yadong Cui 205 $a1st ed. 2022. 210 1$aSingapore :$cSpringer Nature Singapore :$cImprint: Springer,$d2022. 215 $a1 online resource (420 pages) 225 1 $aArtificial Intelligence and the Rule of Law,$x2731-6246 311 08$aPrint version: Cui, Yadong Blue Book on AI and Rule of Law in the World (2020) Singapore : Springer,c2023 9789811935855 327 $aAI Policies and Laws -- Theoretical Research on AI and Rule of Law -- AI Applications in the Rule of Law -- Al-related Case Analysis (China) -- Special Reports on Development of Artificial Intelligence and Rule of Law -- The Use of AI in Law in Response to Major Epidemics -- Expert Interviews on the Development of Artificial Intelligence and Rule of Law -- Questionnaire on Legal Aspects of Artificial Intelligence. . 330 $aThis book focuses on the development of artificial intelligence and rule of law in the current world. It covers topics such as AI strategy, policy, law, theoretical research, and practical application. Through an in-depth analysis and thorough evaluation, this book provides a more objective, fair, accurate and comprehensive report. The purpose is to lead the AI and rule of law research and create an AI and rule of law environment which is conducive to the construction of AI and rule of law system. In particular, it aims to play an active role in promoting the establishment of legal systems, policy systems, and codes of ethics that are compatible with the innovative development of AI, thus facilitating the implementation of a new generation of AI development strategies, and ensuring the safe, reliable, controllable, healthy, and sustainable development of AI. 410 0$aArtificial Intelligence and the Rule of Law,$x2731-6246 606 $aConflict of laws 606 $aConflict of laws 606 $aInternational law 606 $aComparative law 606 $aInformation technology$xLaw and legislation 606 $aMass media$xLaw and legislation 606 $aArtificial intelligence 606 $aPrivate International Law, International and Foreign Law, Comparative Law 606 $aIT Law, Media Law, Intellectual Property 606 $aArtificial Intelligence 615 0$aConflict of laws. 615 0$aConflict of laws. 615 0$aInternational law. 615 0$aComparative law. 615 0$aInformation technology$xLaw and legislation. 615 0$aMass media$xLaw and legislation. 615 0$aArtificial intelligence. 615 14$aPrivate International Law, International and Foreign Law, Comparative Law. 615 24$aIT Law, Media Law, Intellectual Property. 615 24$aArtificial Intelligence. 676 $a016.37 702 $aCui$b Yadong 801 0$bMiAaPQ 801 1$bMiAaPQ 801 2$bMiAaPQ 912 $a9910634035403321 996 $aBlue book on AI and rule of law in the world (2020)$93089273 997 $aUNINA